Alignment :using the balanced scorecard to create corporate synergies (Record no. 1301719)

MARC details
000 -LEADER
fixed length control field 00618nam a2200205Ia 4500
005 - DATE AND TIME OF LATEST TRANSACTION
control field 20250326143937.0
008 - FIXED-LENGTH DATA ELEMENTS--GENERAL INFORMATION
fixed length control field 250326s9999 xx 000 0 und d
020 ## - INTERNATIONAL STANDARD BOOK NUMBER
International Standard Book Number 1-59139-690-5
037 ## - SOURCE OF ACQUISITION
Stock number Textbook
040 ## - CATALOGING SOURCE
Original cataloging agency FMSL
Language of cataloging eng
Transcribing agency FMSL
041 ## - LANGUAGE CODE
Language code of text/sound track or separate title eng
Source of code eng
084 ## - COLON CLASSIFICATION NUMBER
Classification number X:72 P6
Assigning agency FMSL
100 ## - MAIN ENTRY--PERSONAL NAME
Personal name Norton David P
245 #0 - TITLE STATEMENT
Title Alignment :using the balanced scorecard to create corporate synergies
Statement of responsibility, etc. Norton David P; Kaplan Robert S
260 ## - PUBLICATION, DISTRIBUTION, ETC.
Place of publication, distribution, etc. USA
Name of publisher, distributor, etc. USA, Harvard Business School
Date of publication, distribution, etc. 2006
300 ## - PHYSICAL DESCRIPTION
Extent x,302
365 ## - TRADE PRICE
Price amount 41168.409999999996
942 ## - ADDED ENTRY ELEMENTS (KOHA)
Koha item type Textbook
Classification part X:72 P6
Holdings
Withdrawn status Lost status Damaged status Not for loan Home library Current library Date acquired Source of acquisition Cost, normal purchase price Total Checkouts Full call number Barcode Date last seen Price effective from Koha item type
        Faculty of Management Library Faculty of Management Library 2025-03-26 Index International 41168.41   X:72 P6 ML1351334 2025-03-26 2025-03-26 Textbook
Copyright @ Delhi University Library System